Κατάλογος Βιβλιοθηκών Mediterranean College

Εξομολογήσεις ενός ψυχοθεραπευτή / (Record no. 10047)

MARC details
000 -LEADER
fixed length control field 03714nam a22002177a 4500
003 - ΤΑΥΤΟΤΗΤΑ ΤΟΥ ΑΡΙΘΜΟΥ ΕΛΕΓΧΟΥ
Πεδίο ελέγχου GR-AtMCL
005 - ΗΜΕΡΟΜΗΝΙΑ ΚΑΙ ΩΡΑ ΤΕΛΕΥΤΑΙΑΣ ΕΝΗΜΕΡΩΣΗΣ
Πεδίο ελέγχου 20260114112547.0
006 - FIXED-LENGTH DATA ELEMENTS--ADDITIONAL MATERIAL CHARACTERISTICS
Πεδίο ελέγχου σταθερού μήκους a|||||r|||||||||||
008 - FIXED-LENGTH DATA ELEMENTS--GENERAL INFORMATION
Πεδίο ελέγχου σταθερού μήκους 191121s2019|||| g ||| gre d
020 ## - ISBN
ISBN 9789606271250
040 ## - ΠΗΓΗ ΚΑΤΑΛΟΓΟΓΡΑΦΗΣΗΣ
Γλώσσα καταλογογράφησης Ελληνικά, Μοντέρνα (1453-)
Φορέας πρωτότυπης καταλογογράφησης MC Athens Campus Library
Modifying agency MC Athens Campus Library
Κανόνες περιγραφικής καταλογογράφησης AACR2
100 1# - MAIN ENTRY--PERSONAL NAME
Personal name Βασιλειάδης, Γρηγόρης
9 (RLIN) 4125
245 00 - ΤΙΤΛΟΣ ΚΑΙ ΔΗΛΩΣΗ ΥΠΕΥΘΥΝΟΤΗΤΑΣ
Τίτλος Εξομολογήσεις ενός ψυχοθεραπευτή /
Statement of responsibility, etc. Γρηγόρης Βασιλειάδης
260 ## - PUBLICATION, DISTRIBUTION, ETC.
Place of publication, distribution, etc. Θεσσαλονίκη :
Name of publisher, distributor, etc. Εκδόσεις iWrite,
Date of publication, distribution, etc. 2019
300 ## - PHYSICAL DESCRIPTION
Extent 323 σ. ;
Διαστάσεις 21 εκ.
520 ## - SUMMARY, ETC.
Summary, etc. Αυτό το βιβλίο αυτογνωσίας που κρατάτε στα χέρια σας είναι «παιδί» της ειλικρινούς επιθυμίας για μια εκ βαθέων «εξομολόγηση». Την «εξομολόγηση» ενός έμπειρου ψυχοθεραπευτή που χρησιμοποιεί την αυθεντικότητα και την αυτοαποκάλυψη ως βασικά εργαλεία για να συναντήσει ο αναγνώστης στις σελίδες του τον βαθύτερό του εαυτό. Είναι μια «ερωτική» ιστορία για τη Ζωή, το Νόημα και τη Σχέση. Ένα ημερολόγιο με αποκαλυπτικά γεγονότα, μνήμες, όνειρα, κι επιγνώσεις, από τη θέση του θεραπευόμενου και του θεραπευτή. Και, όπως κάθε παρόμοια ιστορία, κρύβει στο βάθος της στιγμές γαλήνης ή πάθους, επιβεβαίωσης ή διάψευσης μεγαλείου και απόγνωσης. Είναι ένα βιβλίο εύληπτο και πολυσήμαντο, που περιγράφει με απλά λόγια τη συναρπαστική περιπέτεια της συνάντησης με τον Εαυτό και τον Άλλον και απλώς ζητά από τον αναγνώστη να διαβαστεί με νου και παράλληλα με ψυχή. Στις σελίδες του συναντά κανείς αλήθειες, που αγγίζουν την καρδιά, «σκάβουν» τον νου και διευρύνουν την αυτογνωσία. Αλήθειες που πληγώνουν τον ναρκισσισμό, και ταυτόχρονα απελευθερώνουν μέσα μας αυτό το κομμάτι που θέλει να προχωρήσει σε ουσιαστικές αλλαγές και υπερβάσεις. Ο συγγραφέας, φωτογραφίζοντας στιγμιότυπα της ζώσας ψυχοθεραπευτικής διεργασίας, αποτυπώνει τους τρόπους με τους οποίους αντιμετωπίζει, πλησιάζει θεραπευτικά, και κατανοεί τους ανθρώπους που ζητούν βοήθεια. Δεν θέλει να ανακουφίσει παρηγορώντας τις πληγές, θέλει να τις εκθέσει και να αναδείξει τα τραύματα της ανθρώπινης ψυχής ως πηγές ψυχογνωσίας και υπαρξιακής ελευθερίας κι ολοκλήρωσης. Ένα βιβλίο γραμμένο βιωματικά που προτρέπει τους αναγνώστες του στην επίμονη αναζήτηση της βαθύτερης εσωτερικής εμπειρίας.
650 #0 - SUBJECT ADDED ENTRY--TOPICAL TERM
Topical term or geographic name entry element Ψυχολογία
9 (RLIN) 9898
653 ## - INDEX TERM--UNCONTROLLED
Μη ελεγχόμενοι όροι Λογοτεχνία
942 ## - ADDED ENTRY ELEMENTS (KOHA)
Koha item type Books
Holdings
Τύπος τεκμηρίου Βιβλιοθήκη Τρέχουσα τοποθεσία Barcode Αριθμός εισαγωγής Ημερομηνία απόκτησης Ταξιθετικό σύμβολο Αριθμός αντιτύπου Κατάσταση απόσυρσης Κατάσταση χαμένου Κατάσταση κατεστραμμένου Μη δανεισμός Σύνολο δανεισμών Σύνολο ανανεώσεων Ημερομηνία λήξης Ημερομηνία τελευταίας εμφάνισης Χρονολογία τελευταίου δανεισμού Η τιμή ισχύει από
Books MC Athens Campus Library MC Athens Campus Library 9780000100559 8250 14/01/2026 158.1 ΒΑΣ 1         2 2 10/04/2026 03/04/2026 03/04/2026 14/01/2026

MC Athens Campus Library
Πατησίων 94 & Κοδριγκτώνος 13, 104 34
Πελλήνης 8 & Πατησίων 107, 112 51
Τ: +30 210 8899600

MC Thessaloniki Campus Library
Ίωνος Δραγούμη 21, 54625 | Ίωνος Δραγούμη 15, 54625
Τ: +30 2310 287779 – Τ: +30 2314 440300